[Event "Marmelopolis op"]
[Site "Marmelopolis"]
[Date "2024.09.08"]
[Round "6"]
[White "Prianti, Luiz Fernando Ferre"]
[Black "Goncalves, Matheus Machado"]
[Result "1-0"]
[WhiteElo "1800"]
[BlackElo "1819"]
[PlyCount "53"]
[EventDate "2024.09.06"]
[EventType "swiss"]
[EventRounds "6"]
[EventCountry "BRA"]
[SourceTitle "CB38_2024"]
[SourceDate "2024.09.18"]
[SourceVersion "1"]
[SourceVersionDate "2024.09.18"]
[SourceQuality "1"]

1. e4 d5 2. exd5 Qxd5 3. Nc3 Qa5 4. Bc4 Bf5 5. d3 e6 6. Bd2 c6 7. Nf3 Bd6 8. Ne4 Qc7 9. Nxd6+ Qxd6 10. a3 Nf6 11. Bc3 Nbd7 12. Qd2 b5 13. Ba2 a5 14. Bxa5 0-0 15. Qc3 h6 16. 0-0 Rfe8 17. h3 Nd5 18. Bxd5 exd5 19. Nd4 Qg6 20. Nxf5 Qxf5 21. Rfe1 c5 22. Rxe8+ Rxe8 23. Re1 Ne5 24. Qxc5 Qg5 25. Qe3 Qg6 26. d4 Nf3+ 27. Qxf3 1-0

[Event "Marmelopolis op"]
[Site "Marmelopolis"]
[Date "2024.09.08"]
[Round "5"]
[White "Vicencio, Lucas Fuentes Gonca"]
[Black "Prianti, Luiz Fernando Ferre"]
[Result "0-1"]
[WhiteElo "1589"]
[BlackElo "1800"]
[PlyCount "72"]
[EventDate "2024.09.06"]
[EventType "swiss"]
[EventRounds "6"]
[EventCountry "BRA"]
[SourceTitle "CB38_2024"]
[SourceDate "2024.09.18"]
[SourceVersion "1"]
[SourceVersionDate "2024.09.18"]
[SourceQuality "1"]

1. e4 e5 2. Nf3 Nc6 3. Bb5 a6 4. Ba4 b5 5. Bb3 Nf6 6. d3 h6 7. 0-0 Bc5 8. Re1 d6 9. h3 Na5 10. Be3 Nxb3 11. axb3 Bxe3 12. Rxe3 Bb7 13. Nbd2 0-0 14. Nf1 Re8 15. Ng3 g6 16. Qd2 Nd7 17. Ree1 Kg7 18. Nh2 Qg5 19. Qxg5 hxg5 20. Nf3 f6 21. Ne2 d5 22. Nc3 d4 23. Ne2 Nc5 24. b4 Ne6 25. Nd2 c5 26. bxc5 Nxc5 27. Nc1 Rac8 28. Ne2 Na4 29. b3 Nc3 30. Nxc3 Rxc3 31. Ra2 Rec8 32. Raa1 Rxc2 33. Nf3 R2c3 34. Red1 Rxb3 35. Rac1 Rxd3 36. Rxd3 Rxc1+ 0-1